Driest States - Statistics

General Stats
  • This quiz has been taken 48 times
  • The average score is 9 of 10
Answer Stats
Hint Answer % Correct
11.8 in Arizona
100%
14.2 in New Mexico
100%
15.7 in Utah
98%
16.9 in Colorado
93%
9.4 in Nevada
93%
13.2 in Wyoming
90%
18.5 in North Dakota
86%
14.9 in Montana
83%
22.0 in South Dakota
81%
16.9 in Idaho
76%
No matching quizzes found
Score Distribution
Percent of People with Each Score
Percentile by Number Answered
Your Score History
You have not taken this quiz